000 01146cam a22003137a 4500
005 20220817043116.0
008 971010s1981 r 00010 d
010 _a65929
011 _a66901
035 _a75886
090 _aTesis
100 0 0 _aPlata Contreras, Buenaventura Carmen.
_989119
245 0 _aColección, identificación y evaluación de clones de plátano, Musa spp, asociación con café y cítricos en Veracruz
260 _aChapingo, Méx. :
_bEl autor,
_c1981
300 _a103 h.
_b: ilus. ; gráfs.
502 _aTesis (Ing. Agr. Esp. en Fitotecnia) -- UACH. Departamento de Fitotecnia
590 _aALEPH
_b10
_c20130110
_lUCH01
_h1359
590 _aBATCH-UPD
_b10
_c20130110
_lUCH01
_h1607
590 _aBATCH-UPD
_b10
_c20130410
_lUCH01
_h1003
590 _aBATCH-UPD
_b10
_c20130914
_lUCH01
_h0811
590 _aCONVERSION
_b10
_c20130109
_lUCH01
_h1336
650 1 4 _aCafé
_zVeracruz.
650 1 4 _aCítricos
_xVeracruz.
_924472
650 1 4 _aCultivos asociados.
_930370
650 1 4 _aPlátano
_xGenética.
_989238
650 1 4 _aPlátano
_xVeracruz.
_989279
901 _aBK
949 _bZA
_cTESBD
_d-8887
_eTS1
_h196
_i75886
_si
999 _c65929
_d65929